| 000 | 00745nam a2200253Ia 4500 | ||
|---|---|---|---|
| 003 | OSt | ||
| 005 | 20220918185059.0 | ||
| 006 | a|||||r|||| 00| 0 | ||
| 007 | ta | ||
| 008 | 220917b |||||||| |||| 00| 0 eng d | ||
| 024 | _a49,501 | ||
| 037 | _cTextual | ||
| 040 |
_aARTS _cARTS _beng |
||
| 041 |
_2eng _aeng |
||
| 082 | _aP:4:(R1), M0 | ||
| 100 |
_aGochet Paul _967717 |
||
| 245 | 0 |
_aOutline of anominalist theory of propositions _b an essays in the theory of meaning and in the philosophy of logic |
|
| 260 |
_aDordrecht _bD Reidel Pub Co, _c1980 |
||
| 300 |
_axii,205p. _ccm. |
||
| 490 | _aSynthese library; 98 | ||
| 650 | _aLINGUISTICS | ||
| 942 |
_hP:4:(R1), M0 _cTEXL _2CC |
||
| 999 |
_c179123 _d179123 |
||